000 00643nam a22002057a 4500
001 0011940
003 DO-SdBNP
005 20180216105442.0
007 0011940
008 161208b 1989 cu||||| |||| 00| 0 spa d
040 _aBPMSU
_bspa
_cBPMSU
100 1 _aGutiérrez Caballero, José Antonio
245 1 _aCon un garabato /
_cJosé Antonio Gutiérrez Caballero ; edición Norma Padilla Ceballos
260 _aLa Habana, Cuba :
_bGente Nueva,
_c1989.
300 _a48 p. :
_bil.,
_c28 cm.
700 1 _aPadilla Ceballos, Norma,
_eedición
942 _2ddc
_cBK
945 _aInventariado, 2018/MFF
956 _aBTAVÁREZ
_b10
_c20161208
_d0011940
999 _c12372
_d12372